[Event "DVM U10 2016"]
[Site "Magdeburg GER"]
[Date "2016.12.27"]
[Round "2"]
[White "Behr, Julian"]
[Black "Gauer, Liam"]
[Result "1-0"]
[Termination "normal"]
[Board "26.1"]
[WhiteElo "1023"]
[BlackElo "785"]
[WhiteTeam "SC Landskrone"]
[BlackTeam "Hagener SV 2"]
[PlyCount "28"]
[WhiteFideId "16255410"]
[BlackFideId "16235720"]
[EventCountry "GER"]
[EventRounds "7"]
[EventType "team-swiss"]
[EventDate "2016.12.27"]

1. e4 Nf6 2. Nc3 e5 3. Nf3 Nc6 4. Nb5 Qe7 5. d3 Nd4 6. Bg5 Nxf3+ 7. Qxf3 c6 8.
Nc3 h6 9. Bh4 g5 10. Bg3 g4 11. Qe3 Qb4 12. Rb1 Bc5 13. Qe2 d6 14. a3 Qb6 {
nicht mehr nachvollziehbar} 1-0

[Event "DVM U10 2016"]
[Site "Magdeburg GER"]
[Date "2016.12.27"]
[Round "2"]
[White "Schlie, Valentin"]
[Black "Kinsky, Leonhard"]
[Result "0-1"]
[Termination "normal"]
[Board "26.2"]
[WhiteElo "770"]
[BlackElo "929"]
[WhiteTeam "Hagener SV 2"]
[BlackTeam "SC Landskrone"]
[PlyCount "46"]
[WhiteFideId "16228103"]
[BlackFideId "16255429"]
[EventCountry "GER"]
[EventRounds "7"]
[EventType "team-swiss"]
[EventDate "2016.12.27"]

1. d4 d5 2. e3 Nf6 3. Nc3 Nc6 4. Nf3 Bg4 5. h3 Bf5 6. Ne5 Nxe5 7. dxe5 Ne4 8.
Nxe4 Bxe4 9. f3 Bf5 10. e4 dxe4 11. fxe4 Qxd1+ 12. Kxd1 O-O-O+ 13. Ke1 Bxe4 14.
c3 e6 15. Bg5 Rd5 16. Rd1 h6 17. Be3 Rxe5 18. Bd4 Rg5 19. Rh2 Bd6 20. Be3 Bxh2
21. Bxg5 Bg3+ 22. Ke2 hxg5 23. Ke3 f5 0-1

[Event "DVM U10 2016"]
[Site "Magdeburg GER"]
[Date "2016.12.27"]
[Round "2"]
[White "Püschel-Esparza, Mateo"]
[Black "Fischer, Joschua"]
[Result "0-1"]
[Termination "normal"]
[Board "26.3"]
[WhiteElo "787"]
[BlackElo "600"]
[WhiteTeam "SC Landskrone"]
[BlackTeam "Hagener SV 2"]
[PlyCount "50"]
[BlackFideId "16268660"]
[EventCountry "GER"]
[EventRounds "7"]
[EventType "team-swiss"]
[EventDate "2016.12.27"]

1. f4 d5 2. g3 Bg4 3. Bg2 Nc6 4. Nf3 e6 5. O-O Bc5+ 6. e3 Nf6 7. c3 Bf5 8. a3
Bd3 9. Rf2 O-O 10. b4 Bb6 11. Ne1 Be4 12. Bxe4 Nxe4 13. Rf1 a5 14. d4 axb4 15.
cxb4 g6 16. Bb2 Nf6 17. Qd3 Ne4 18. Nc3 Nxc3 19. Qxc3 f5 20. e4 fxe4 21. b5
Bxd4+ 22. Qxd4 Nxd4 23. Bxd4 b6 24. g4 c5 25. Be5 d4 0-1

[Event "DVM U10 2016"]
[Site "Magdeburg GER"]
[Date "2016.12.27"]
[Round "2"]
[White "Schilay, Vinzenz"]
[Black "Grey, Anna"]
[Result "0-1"]
[Termination "normal"]
[Board "27.1"]
[WhiteElo "918"]
[BlackElo "929"]
[WhiteTeam "SK Neumarkt"]
[BlackTeam "ESV Lok Falkenberg"]
[PlyCount "34"]
[WhiteFideId "12983209"]
[BlackFideId "16226917"]
[EventCountry "GER"]
[EventRounds "7"]
[EventType "team-swiss"]
[EventDate "2016.12.27"]

1. e4 c5 2. Nc3 Nc6 3. g3 e6 4. Bg2 Nf6 5. d3 Be7 6. h3 O-O 7. Be3 d5 8. exd5
exd5 9. Qd2 d4 10. Bxd4 Nxd4 11. O-O-O b5 12. Bxa8 Bd7 13. Bg2 b4 14. Nd5 Be6
15. Nf4 Bxa2 16. b3 Qa5 17. Nge2 Qa3# 0-1

[Event "DVM U10 2016"]
[Site "Magdeburg GER"]
[Date "2016.12.27"]
[Round "2"]
[White "Frenkel, Nico"]
[Black "Franke, Leonhard"]
[Result "1-0"]
[Termination "normal"]
[Board "27.2"]
[WhiteElo "1028"]
[BlackElo "773"]
[WhiteTeam "ESV Lok Falkenberg"]
[BlackTeam "SK Neumarkt"]
[PlyCount "37"]
[WhiteFideId "16226950"]
[BlackFideId "34644806"]
[EventCountry "GER"]
[EventRounds "7"]
[EventType "team-swiss"]
[EventDate "2016.12.27"]

1. e4 e5 2. Nf3 Nc6 3. Bc4 Nf6 4. Nc3 Nxe4 5. Nxe4 d5 6. Bb5 dxe4 7. Nxe5 Bd7
8. Nxc6 Bxc6 9. Bc4 Bc5 10. Qh5 O-O 11. Qxc5 e3 12. Qxe3 Qd7 13. O-O Rad8 14.
h3 b5 15. Bd3 h6 16. b3 Qe8 17. Qf4 Rd6 18. Qf5 Bd7 19. Qh7# 1-0

[Event "DVM U10 2016"]
[Site "Magdeburg GER"]
[Date "2016.12.27"]
[Round "2"]
[White "Hierl, Andreas"]
[Black "Thoß, Lea-Michelle"]
[Result "1-0"]
[Termination "normal"]
[Board "27.3"]
[WhiteElo "600"]
[BlackElo "818"]
[WhiteTeam "SK Neumarkt"]
[BlackTeam "ESV Lok Falkenberg"]
[PlyCount "59"]
[WhiteFideId "34660496"]
[EventCountry "GER"]
[EventRounds "7"]
[EventType "team-swiss"]
[EventDate "2016.12.27"]

1. Nf3 Nf6 2. Nc3 Nc6 3. e4 e5 4. Bc4 h6 5. O-O Bb4 6. Nd5 Nxd5 7. exd5 Nd4 8.
Nxe5 Qe7 9. Re1 d6 10. Nd3 Ne6 11. Qg4 O-O 12. Nf4 Nxf4 13. Qxf4 Qxe1+ 14. Bf1
Bd7 15. Qxb4 a6 16. b3 Bb5 17. Bb2 Qxd2 18. Qxd2 Bxf1 19. Qd4 f6 20. Rxf1 Rae8
21. Qg4 Rf7 22. Bc3 c5 23. Bd2 Re5 24. Qc8+ Kh7 25. c4 Re2 26. Qf5+ Kg8 27. Qd3
Re5 28. Bf4 Ree7 29. Bxd6 Re8 30. Bxc5 1-0

[Event "DVM U10 2016"]
[Site "Magdeburg GER"]
[Date "2016.12.27"]
[Round "2"]
[White "Müller-Borghardt, Jakob"]
[Black "Lewkowicz, David"]
[Result "1-0"]
[Termination "normal"]
[Board "28.2"]
[WhiteElo "825"]
[BlackElo "600"]
[WhiteTeam "Stader SV 2"]
[BlackTeam "SK Blauer Springer Paderborn"]
[PlyCount "69"]
[EventCountry "GER"]
[EventRounds "7"]
[EventType "team-swiss"]
[EventDate "2016.12.27"]

1. d4 e5 2. dxe5 Bb4+ 3. Bd2 Be7 4. f4 Nh6 5. Nf3 O-O 6. e3 b6 7. Be2 Ba6 8.
Bxa6 Nxa6 9. Qe2 c5 10. Qxa6 Qc8 11. Qe2 a5 12. b3 Qa6 13. Qxa6 Rxa6 14. O-O
Ng4 15. h3 Nh6 16. g4 Bd8 17. Nc3 Bc7 18. Nb5 Bb8 19. Bc3 f6 20. exf6 gxf6 21.
g5 Nf7 22. gxf6 Re8 23. Rf2 Rxe3 24. Rg2+ Kf8 25. Ng5 Nxg5 26. fxg5 a4 27. Bb2
axb3 28. cxb3 Ra5 29. Rf1 Rxb5 30. g6 hxg6 31. Rxg6 Kf7 32. Rg7+ Ke6 33. f7
Rxh3 34. Rf6+ Ke7 35. f8=Q# 1-0

[Event "DVM U10 2016"]
[Site "Magdeburg GER"]
[Date "2016.12.27"]
[Round "2"]
[White "Gohel, Fabian Franz"]
[Black "Spehr, Neil"]
[Result "1-0"]
[Termination "normal"]
[Board "29.1"]
[WhiteElo "882"]
[BlackElo "948"]
[WhiteTeam "SF Nordost Berlin 2"]
[BlackTeam "Schachakademie Paderborn 2"]
[PlyCount "93"]
[EventCountry "GER"]
[EventRounds "7"]
[EventType "team-swiss"]
[EventDate "2016.12.27"]

1. d4 d5 2. Bf4 Bf5 3. e3 Nf6 4. c4 c6 5. Nc3 e6 6. Nf3 Nbd7 7. Be2 c5 8. O-O
Rc8 9. cxd5 exd5 10. Qb3 Nb6 11. Rfd1 c4 12. Qb5+ Bd7 13. Qa5 Bc6 14. Ne5 Bd7
15. Nxd7 Qxd7 16. Qxa7 Rc6 17. Qa5 Bd6 18. Bxd6 Qxd6 19. Qb5 O-O 20. a4 Qd7 21.
a5 Na8 22. Bf3 Rd6 23. Qxd7 Rxd7 24. Rdb1 Nc7 25. b3 Rb8 26. bxc4 g6 27. cxd5
Nfxd5 28. Nxd5 Nxd5 29. Bxd5 Rxd5 30. a6 b5 31. a7 Ra8 32. Rc1 Rdd8 33. Rc5 Kg7
34. Rxb5 Rdc8 35. h3 h5 36. Rb3 Kf6 37. Ra6+ Kg5 38. Rd3 f5 39. d5 Kh4 40. Rd4+
Kg5 41. h4+ Kh6 42. d6 Kg7 43. Kh2 Kf7 44. Kg3 Ke8 45. d7+ Kd8 46. dxc8=Q+ Kxc8
47. Rc4+ 1-0

[Event "DVM U10 2016"]
[Site "Magdeburg GER"]
[Date "2016.12.27"]
[Round "2"]
[White "Schäfer, Anton"]
[Black "Möbis, Lucas"]
[Result "0-1"]
[Termination "normal"]
[Board "29.2"]
[WhiteElo "901"]
[BlackElo "600"]
[WhiteTeam "Schachakademie Paderborn 2"]
[BlackTeam "SF Nordost Berlin 2"]
[PlyCount "60"]
[BlackFideId "16255046"]
[EventCountry "GER"]
[EventRounds "7"]
[EventType "team-swiss"]
[EventDate "2016.12.27"]

1. d4 d5 2. Nf3 Nc6 3. Bf4 Bf5 4. c3 e6 5. e3 Bd6 6. Bg3 Bxg3 7. hxg3 Nf6 8.
Bd3 Be4 9. Ne5 Bxd3 10. Qxd3 Qd6 11. Qb5 Rb8 12. Nxc6 Qxc6 13. Qd3 b5 14. f3
Qc4 15. Qc2 b4 16. b3 Qc6 17. e4 dxe4 18. Nd2 exf3 19. gxf3 Qxc3 20. Qb1 Rd8
21. g4 Rxd4 22. Rh2 O-O 23. g5 Rfd8 24. gxf6 g6 25. Kf1 Rxd2 26. Rh3 R2d3 27.
Kg2 Rd2+ 28. Kg3 Qxf6 29. Qh1 h5 30. Rc1 Qg5# 0-1

[Event "DVM U10 2016"]
[Site "Magdeburg GER"]
[Date "2016.12.27"]
[Round "2"]
[White "Bade, Deniz"]
[Black "Dörr, Georg"]
[Result "1-0"]
[Termination "normal"]
[Board "29.4"]
[WhiteElo "600"]
[BlackElo "600"]
[WhiteTeam "Schachakademie Paderborn 2"]
[BlackTeam "SF Nordost Berlin 2"]
[PlyCount "23"]
[WhiteFideId "34605959"]
[EventCountry "GER"]
[EventRounds "7"]
[EventType "team-swiss"]
[EventDate "2016.12.27"]

1. d4 d5 2. Bf4 Nc6 3. Nf3 Nf6 4. e3 Bf5 5. c3 e6 6. Bb5 Bd6 7. Bg5 O-O 8. Bf1
Nd7 9. Bxd8 Rfxd8 10. g3 f6 11. Bg2 Be4 12. O-O 1-0

[Event "DVM U10 2016"]
[Site "Magdeburg GER"]
[Date "2016.12.27"]
[Round "2"]
[White "Schlange, Jonathan"]
[Black "Ellert, Stefan"]
[Result "1-0"]
[Termination "normal"]
[Board "30.1"]
[WhiteElo "865"]
[BlackElo "1246"]
[WhiteTeam "Schachzwerge Magdeburg 2"]
[BlackTeam "SV Schachfreunde Friedrichshagen"]
[PlyCount "53"]
[WhiteFideId "16287240"]
[BlackFideId "16235029"]
[EventCountry "GER"]
[EventRounds "7"]
[EventType "team-swiss"]
[EventDate "2016.12.27"]

1. e4 e5 2. Nf3 Nc6 3. Bc4 Bc5 4. d3 Nf6 5. Bg5 h6 6. Bxf6 Qxf6 7. Nc3 O-O 8.
O-O d6 9. h3 Nd4 10. Nd5 Qd8 11. c3 Nxf3+ 12. Qxf3 c6 13. b4 cxd5 14. Bxd5 Bb6
15. a4 a5 16. Rab1 axb4 17. Rxb4 Bc5 18. Rc4 Be6 19. d4 Bxd5 20. exd5 exd4 21.
cxd4 Bb6 22. Rb1 Re8 23. Rbb4 Ra6 24. a5 Bxa5 25. Rxb7 Rb6 26. Qxf7+ Kh8 27.
Qxg7# 1-0

[Event "DVM U10 2016"]
[Site "Magdeburg GER"]
[Date "2016.12.27"]
[Round "2"]
[White "Murach, Moritz"]
[Black "Heutling, Sarah"]
[Result "1-0"]
[Termination "normal"]
[Board "30.2"]
[WhiteElo "849"]
[BlackElo "600"]
[WhiteTeam "SV Schachfreunde Friedrichshagen"]
[BlackTeam "Schachzwerge Magdeburg 2"]
[PlyCount "69"]
[BlackFideId "16287304"]
[EventCountry "GER"]
[EventRounds "7"]
[EventType "team-swiss"]
[EventDate "2016.12.27"]

1. e4 e5 2. Nf3 Nc6 3. d4 Nf6 4. Nc3 d6 5. dxe5 dxe5 6. Qxd8+ Kxd8 7. Ng5 Rg8
8. Nxf7+ Ke8 9. Bc4 Bg4 10. Nd6+ Bxd6 11. Bxg8 Kf8 12. Bc4 Nd4 13. Bd3 Bb4 14.
Bd2 Rd8 15. O-O Kg8 16. a3 Bc5 17. b4 Bd6 18. f3 Bh5 19. g4 Bg6 20. h3 c6 21.
Be3 Ne6 22. b5 a6 23. Bc4 Re8 24. bxc6 bxc6 25. Bxa6 Ra8 26. Bb7 Rc8 27. Bxc8
Nf8 28. g5 Nh5 29. a4 Bb4 30. Bd2 Ng3 31. Rfb1 Bc5+ 32. Kg2 Nh5 33. a5 Bd4 34.
a6 Ba7 35. Rb7 1-0

[Event "DVM U10 2016"]
[Site "Magdeburg GER"]
[Date "2016.12.27"]
[Round "2"]
[White "Schlange, Tamara"]
[Black "Tempel, Emil"]
[Result "1-0"]
[Termination "normal"]
[Board "30.3"]
[WhiteElo "600"]
[BlackElo "600"]
[WhiteTeam "Schachzwerge Magdeburg 2"]
[BlackTeam "SV Schachfreunde Friedrichshagen"]
[PlyCount "41"]
[WhiteFideId "34600817"]
[EventCountry "GER"]
[EventRounds "7"]
[EventType "team-swiss"]
[EventDate "2016.12.27"]

1. e4 e5 2. Nf3 Nc6 3. Bc4 Bc5 4. O-O d6 5. d3 Bg4 6. h3 Bh5 7. Nc3 Nd4 8. Na4
Nxf3+ 9. Kh1 Nf6 10. d4 Bxd4 11. Be2 Qd7 12. Bxf3 Bxf3 13. Qxf3 Qxa4 14. Qd1
Nxe4 15. Be3 c5 16. Qd3 d5 17. Rab1 Qxa2 18. Qb5+ Ke7 19. Qxb7+ Kf8 20. Qxa8+
Ke7 21. Qxh8 1-0

[Event "DVM U10 2016"]
[Site "Magdeburg GER"]
[Date "2016.12.28"]
[Round "3"]
[White "Wiedersich, Hendryk"]
[Black "Gutewort, Paul Emil"]
[Result "1/2-1/2"]
[Termination "normal"]
[Board "1.1"]
[WhiteElo "1374"]
[BlackElo "1506"]
[WhiteClock "00:43:07"]
[BlackClock "00:33:13"]
[WhiteTeam "SV Dresden-Leuben"]
[BlackTeam "SF Nordost Berlin 1"]
[PlyCount "36"]
[WhiteFideId "16255399"]
[BlackFideId "16204182"]
[EventCountry "GER"]
[EventRounds "7"]
[EventType "team-swiss"]
[EventDate "2016.12.27"]

1. d4 {[%clk 0:59:59]} d5 {[%clk 0:59:53]} 2. Nc3 {[%clk 0:59:54]} Bf5 {[%clk
0:59:39]} 3. e3 {[%clk 0:59:36]} Nc6 {[%clk 0:58:53]} 4. Bd3 {[%clk 0:59:21]}
Bg6 {[%clk 0:58:47]} 5. Nf3 {[%clk 0:59:13]} e6 {[%clk 0:58:40]} 6. Bd2 {[%clk
0:59:04]} Nf6 {[%clk 0:57:29]} 7. O-O {[%clk 0:58:44]} Bd6 {[%clk 0:57:20]} 8.
Re1 {[%clk 0:58:32]} O-O {[%clk 0:56:55]} 9. e4 {[%clk 0:58:09]} dxe4 {[%clk
0:56:47]} 10. Nxe4 {[%clk 0:57:52]} h6 {[%clk 0:55:19]} 11. c3 {[%clk 0:57:36]}
Re8 {[%clk 0:54:24]} 12. Qb3 {[%clk 0:56:29]} Nxe4 {[%clk 0:50:21]} 13. Bxe4
{[%clk 0:56:16]} Bxe4 {[%clk 0:50:17]} 14. Rxe4 {[%clk 0:55:20]} Qd7 {[%clk
0:49:17]} 15. Rae1 {[%clk 0:52:52]} b6 {[%clk 0:47:56]} 16. Rh4 {[%clk
0:47:27]} Ne7 {[%clk 0:39:00]} 17. Qc2 {[%clk 0:46:14]} Ng6 {[%clk 0:35:32]}
18. Rhe4 {[%clk 0:43:07]} Rac8 {[%clk 0:33:13]} 1/2-1/2

[Event "DVM U10 2016"]
[Site "Magdeburg GER"]
[Date "2016.12.28"]
[Round "3"]
[White "Duduka, Artem"]
[Black "Phan Trong, Dai"]
[Result "1-0"]
[Termination "normal"]
[Board "1.2"]
[WhiteElo "1435"]
[BlackElo "1348"]
[WhiteClock "00:29:50"]
[BlackClock "00:32:04"]
[WhiteTeam "SF Nordost Berlin 1"]
[BlackTeam "SV Dresden-Leuben"]
[PlyCount "85"]
[WhiteFideId "14194805"]
[BlackFideId "16236939"]
[EventCountry "GER"]
[EventRounds "7"]
[EventType "team-swiss"]
[EventDate "2016.12.27"]

1. e4 {[%clk 0:59:59]} e5 {[%clk 0:59:56]} 2. Nf3 {[%clk 0:59:54]} Nc6 {[%clk
0:59:47]} 3. d4 {[%clk 0:59:51]} exd4 {[%clk 0:59:41]} 4. Nxd4 {[%clk 0:59:46]}
Qf6 {[%clk 0:59:01]} 5. Be3 {[%clk 0:59:11]} Bc5 {[%clk 0:58:34]} 6. c3 {[%clk
0:59:08]} d6 {[%clk 0:57:51]} 7. Nc2 {[%clk 0:58:46]} Bxe3 {[%clk 0:56:52]} 8.
Nxe3 {[%clk 0:58:36]} Nge7 {[%clk 0:56:13]} 9. Bc4 {[%clk 0:57:54]} Be6 {[%clk
0:55:53]} 10. Nd5 {[%clk 0:57:00]} Bxd5 {[%clk 0:55:30]} 11. Bxd5 {[%clk
0:56:46]} Nxd5 {[%clk 0:54:49]} 12. Qxd5 {[%clk 0:55:56]} O-O {[%clk 0:54:14]}
13. O-O {[%clk 0:55:27]} Rfe8 {[%clk 0:53:44]} 14. Nd2 {[%clk 0:54:24]} Re5
{[%clk 0:53:09]} 15. Qd3 {[%clk 0:52:50]} Rd8 {[%clk 0:52:02]} 16. f4 {[%clk
0:50:02]} Rc5 {[%clk 0:51:13]} 17. Nb3 {[%clk 0:46:58]} Qe6 {[%clk 0:49:24]}
18. Nxc5 {[%clk 0:45:03]} dxc5 {[%clk 0:49:21]} 19. Qe3 {[%clk 0:44:42]} f5
{[%clk 0:48:26]} 20. e5 {[%clk 0:43:20]} c4 {[%clk 0:48:06]} 21. Rad1 {[%clk
0:43:04]} Rd5 {[%clk 0:46:17]} 22. Rxd5 {[%clk 0:41:37]} Qxd5 {[%clk 0:46:01]}
23. Qe2 {[%clk 0:40:18]} Qd3 {[%clk 0:45:01]} 24. Qxd3 {[%clk 0:40:00]} cxd3
{[%clk 0:44:46]} 25. Rd1 {[%clk 0:39:48]} Kf7 {[%clk 0:44:27]} 26. Rxd3 {[%clk
0:39:44]} Ke6 {[%clk 0:44:13]} 27. Kf2 {[%clk 0:39:39]} h6 {[%clk 0:43:57]} 28.
g3 {[%clk 0:39:22]} g6 {[%clk 0:43:05]} 29. Kf3 {[%clk 0:38:59]} g5 {[%clk
0:42:47]} 30. h3 {[%clk 0:37:53]} h5 {[%clk 0:42:37]} 31. b4 {[%clk 0:37:19]}
b5 {[%clk 0:41:38]} 32. a3 {[%clk 0:36:50]} a6 {[%clk 0:40:12]} 33. Ke3 {[%clk
0:34:12]} g4 {[%clk 0:39:45]} 34. hxg4 {[%clk 0:33:43]} hxg4 {[%clk 0:37:44]}
35. Rd1 {[%clk 0:33:22]} a5 {[%clk 0:36:51]} 36. Rh1 {[%clk 0:32:42]} axb4
{[%clk 0:36:15]} 37. axb4 {[%clk 0:32:34]} Ne7 {[%clk 0:35:37]} 38. Rh6+ {[%clk
0:31:47]} Kd7 {[%clk 0:35:20]} 39. Rh7 {[%clk 0:31:31]} Ke6 {[%clk 0:35:06]}
40. Rxe7+ {[%clk 0:31:08]} Kxe7 {[%clk 0:34:57]} 41. Kd4 {[%clk 0:31:03]} c6
{[%clk 0:32:21]} 42. Kc5 {[%clk 0:30:33]} Kd7 {[%clk 0:32:04]} 43. Kb6 {[%clk
0:29:50]} 1-0

[Event "DVM U10 2016"]
[Site "Magdeburg GER"]
[Date "2016.12.28"]
[Round "3"]
[White "Hentschel, Lena"]
[Black "Reichmann, Felix"]
[Result "0-1"]
[Termination "normal"]
[Board "1.3"]
[WhiteElo "1027"]
[BlackElo "1450"]
[WhiteClock "00:00:30"]
[BlackClock "00:32:11"]
[WhiteTeam "SV Dresden-Leuben"]
[BlackTeam "SF Nordost Berlin 1"]
[PlyCount "112"]
[WhiteFideId "16240324"]
[BlackFideId "16238290"]
[EventCountry "GER"]
[EventRounds "7"]
[EventType "team-swiss"]
[EventDate "2016.12.27"]

1. e4 {[%clk 0:59:58]} c5 {[%clk 0:59:55]} 2. Nf3 {[%clk 0:59:50]} g6 {[%clk
0:59:50]} 3. Bc4 {[%clk 0:59:34]} Bg7 {[%clk 0:59:44]} 4. d3 {[%clk 0:59:11]}
Nc6 {[%clk 0:59:38]} 5. Nc3 {[%clk 0:58:46]} e6 {[%clk 0:59:33]} 6. Bf4 {[%clk
0:58:10]} d6 {[%clk 0:59:08]} 7. h3 {[%clk 0:57:28]} Nge7 {[%clk 0:59:01]} 8.
O-O {[%clk 0:56:32]} O-O {[%clk 0:58:54]} 9. Qd2 {[%clk 0:54:53]} Re8 {[%clk
0:58:26]} 10. Rfe1 {[%clk 0:54:23]} a6 {[%clk 0:58:15]} 11. Bg5 {[%clk
0:52:49]} b5 {[%clk 0:57:39]} 12. Bb3 {[%clk 0:52:26]} Na5 {[%clk 0:55:58]} 13.
a3 {[%clk 0:51:00]} Nxb3 {[%clk 0:55:39]} 14. cxb3 {[%clk 0:50:49]} Bb7 {[%clk
0:53:33]} 15. b4 {[%clk 0:47:03]} cxb4 {[%clk 0:52:34]} 16. axb4 {[%clk
0:46:45]} Qd7 {[%clk 0:52:07]} 17. Bxe7 {[%clk 0:45:16]} Qxe7 {[%clk 0:51:31]}
18. d4 {[%clk 0:40:49]} Rad8 {[%clk 0:50:06]} 19. d5 {[%clk 0:39:53]} exd5
{[%clk 0:49:48]} 20. exd5 {[%clk 0:39:15]} Qf6 {[%clk 0:48:16]} 21. Rxe8+
{[%clk 0:37:38]} Rxe8 {[%clk 0:48:05]} 22. Re1 {[%clk 0:37:17]} Qd8 {[%clk
0:46:07]} 23. Rxe8+ {[%clk 0:32:53]} Qxe8 {[%clk 0:45:59]} 24. b3 {[%clk
0:31:11]} Bxc3 {[%clk 0:45:50]} 25. Qxc3 {[%clk 0:29:57]} Bxd5 {[%clk 0:45:43]}
26. Qd3 {[%clk 0:21:15]} Qe6 {[%clk 0:45:15]} 27. Nd4 {[%clk 0:17:37]} Qe1+
{[%clk 0:44:19]} 28. Qf1 {[%clk 0:15:24]} Qxb4 {[%clk 0:44:10]} 29. Qd1 {[%clk
0:14:35]} Qc5 {[%clk 0:41:54]} 30. Qd3 {[%clk 0:10:33]} Qc1+ {[%clk 0:40:39]}
31. Qf1 {[%clk 0:08:43]} Qxf1+ {[%clk 0:40:34]} 32. Kxf1 {[%clk 0:08:33]} Kg7
{[%clk 0:40:28]} 33. g3 {[%clk 0:07:52]} Kf6 {[%clk 0:40:21]} 34. Ke2 {[%clk
0:07:43]} Ke5 {[%clk 0:39:41]} 35. Ke3 {[%clk 0:07:14]} f5 {[%clk 0:38:31]} 36.
f4+ {[%clk 0:06:59]} Kf6 {[%clk 0:38:20]} 37. g4 {[%clk 0:06:32]} fxg4 {[%clk
0:37:59]} 38. hxg4 {[%clk 0:06:25]} g5 {[%clk 0:37:52]} 39. f5 {[%clk 0:05:19]}
b4 {[%clk 0:36:58]} 40. Kd3 {[%clk 0:04:41]} a5 {[%clk 0:36:23]} 41. Kc2 {[%clk
0:03:02]} Bg2 {[%clk 0:35:55]} 42. Nb5 {[%clk 0:02:21]} Bf3 {[%clk 0:34:28]}
43. Nxd6 {[%clk 0:02:13]} Bxg4 {[%clk 0:34:20]} 44. Kb2 {[%clk 0:01:53]} Bxf5
{[%clk 0:34:11]} 45. Nxf5 {[%clk 0:01:48]} Kxf5 {[%clk 0:33:59]} 46. Kc2 {[%clk
0:01:45]} g4 {[%clk 0:33:54]} 47. Kb2 {[%clk 0:01:43]} g3 {[%clk 0:33:46]} 48.
Kc2 {[%clk 0:01:39]} g2 {[%clk 0:33:41]} 49. Kb2 {[%clk 0:01:32]} g1=Q {[%clk
0:33:34]} 50. Kc2 Ke4 51. Kb2 {[%clk 0:00:52]} Kd3 {[%clk 0:32:57]} 52. Ka2
{[%clk 0:00:48]} Qf2+ {[%clk 0:32:40]} 53. Kb1 {[%clk 0:00:43]} Qc2+ {[%clk
0:32:23]} 54. Ka1 {[%clk 0:00:38]} Qd2 {[%clk 0:32:19]} 55. Kb1 {[%clk
0:00:34]} Kc3 {[%clk 0:32:11]} 56. Ka1 {[%clk 0:00:30]} Qb2# 0-1

[Event "DVM U10 2016"]
[Site "Magdeburg GER"]
[Date "2016.12.28"]
[Round "3"]
[White "Beck, Felix"]
[Black "Potapov, Maxim"]
[Result "1-0"]
[Termination "normal"]
[Board "1.4"]
[WhiteElo "1254"]
[BlackElo "1007"]
[WhiteClock "00:02:08"]
[BlackClock "00:26:30"]
[WhiteTeam "SF Nordost Berlin 1"]
[BlackTeam "SV Dresden-Leuben"]
[PlyCount "139"]
[WhiteFideId "16255364"]
[BlackFideId "16255402"]
[EventCountry "GER"]
[EventRounds "7"]
[EventType "team-swiss"]
[EventDate "2016.12.27"]

1. c4 {[%clk 0:59:58]} e5 {[%clk 0:59:54]} 2. g3 {[%clk 0:59:46]} Nc6 {[%clk
0:59:47]} 3. Bg2 {[%clk 0:59:20]} Nf6 {[%clk 0:59:40]} 4. Nc3 {[%clk 0:59:08]}
Bc5 {[%clk 0:59:27]} 5. e3 {[%clk 0:58:13]} d6 {[%clk 0:58:48]} 6. Nge2 {[%clk
0:57:34]} Ng4 {[%clk 0:58:29]} 7. O-O {[%clk 0:56:12]} O-O {[%clk 0:57:31]} 8.
h3 {[%clk 0:55:19]} Nf6 {[%clk 0:56:08]} 9. d3 {[%clk 0:55:13]} Be6 {[%clk
0:54:37]} 10. f4 {[%clk 0:51:37]} d5 {[%clk 0:53:53]} 11. f5 {[%clk 0:49:42]}
d4 {[%clk 0:52:44]} 12. fxe6 {[%clk 0:46:44]} dxc3 {[%clk 0:52:37]} 13. exf7+
{[%clk 0:44:46]} Rxf7 {[%clk 0:52:30]} 14. Nxc3 {[%clk 0:44:22]} Nb4 {[%clk
0:51:58]} 15. Qe2 {[%clk 0:41:27]} Nxd3 {[%clk 0:51:05]} 16. Rd1 {[%clk
0:40:10]} Rd7 {[%clk 0:50:21]} 17. Nd5 {[%clk 0:37:15]} Nxc1 {[%clk 0:49:22]}
18. Raxc1 {[%clk 0:36:11]} Rd6 19. Nxf6+ {[%clk 0:32:32]} Qxf6 {[%clk 0:47:27]}
20. Bd5+ {[%clk 0:30:30]} Kh8 {[%clk 0:46:52]} 21. Qf2 {[%clk 0:23:27]} Qxf2+
{[%clk 0:46:35]} 22. Kxf2 {[%clk 0:23:01]} Rf8+ {[%clk 0:46:28]} 23. Ke2 {[%clk
0:22:06]} c6 {[%clk 0:45:54]} 24. Bg2 {[%clk 0:21:02]} Rxd1 {[%clk 0:45:47]}
25. Rxd1 {[%clk 0:20:51]} Bb6 {[%clk 0:44:35]} 26. Rd7 {[%clk 0:19:29]} Rb8
{[%clk 0:43:53]} 27. Re7 {[%clk 0:18:31]} Ba5 {[%clk 0:41:58]} 28. g4 {[%clk
0:16:20]} Rd8 {[%clk 0:41:40]} 29. Rxb7 {[%clk 0:15:35]} Rd2+ {[%clk 0:41:26]}
30. Kf3 {[%clk 0:14:31]} a6 {[%clk 0:40:11]} 31. Re7 {[%clk 0:12:57]} h6 {[%clk
0:39:34]} 32. Rxe5 {[%clk 0:12:55]} Bc7 {[%clk 0:39:21]} 33. Rc5 {[%clk
0:11:57]} Rd6 {[%clk 0:38:39]} 34. Ke2 {[%clk 0:11:24]} Re6 {[%clk 0:36:54]}
35. Rxc6 {[%clk 0:09:16]} Rxc6 {[%clk 0:36:47]} 36. Bxc6 {[%clk 0:09:12]} Be5
{[%clk 0:36:45]} 37. b3 {[%clk 0:09:00]} g5 {[%clk 0:36:14]} 38. Kd3 {[%clk
0:08:41]} Bd6 {[%clk 0:35:54]} 39. Kd4 {[%clk 0:08:32]} Kg7 {[%clk 0:35:50]}
40. Kd5 {[%clk 0:08:09]} Bf8 {[%clk 0:35:29]} 41. e4 {[%clk 0:07:56]} Kg6
{[%clk 0:35:23]} 42. Be8+ {[%clk 0:07:26]} Kf6 {[%clk 0:35:00]} 43. Bh5 {[%clk
0:07:13]} a5 {[%clk 0:34:52]} 44. e5+ {[%clk 0:07:00]} Ke7 {[%clk 0:34:39]} 45.
c5 {[%clk 0:06:52]} Kd7 {[%clk 0:34:21]} 46. e6+ {[%clk 0:06:10]} Kc7 {[%clk
0:34:10]} 47. a3 {[%clk 0:05:34]} Be7 {[%clk 0:33:50]} 48. b4 {[%clk 0:05:24]}
axb4 {[%clk 0:33:34]} 49. axb4 Kb7 {[%clk 0:33:07]} 50. b5 {[%clk 0:05:11]} Kc7
{[%clk 0:32:57]} 51. b6+ {[%clk 0:04:41]} Kb7 {[%clk 0:32:51]} 52. Be8 {[%clk
0:04:11]} Bf8 {[%clk 0:31:59]} 53. Bc6+ {[%clk 0:04:04]} Kc8 54. Ba8 {[%clk
0:03:44]} Kb8 {[%clk 0:31:37]} 55. b7 {[%clk 0:03:39]} Be7 {[%clk 0:31:35]} 56.
c6 {[%clk 0:03:29]} Bf8 {[%clk 0:31:20]} 57. Kc4 Be7 {[%clk 0:30:59]} 58. Kb5
{[%clk 0:03:10]} Bd6 {[%clk 0:30:51]} 59. Kb6 {[%clk 0:03:01]} Bc7+ {[%clk
0:30:43]} 60. Kc5 {[%clk 0:02:54]} Bd8 {[%clk 0:30:16]} 61. Kd6 {[%clk
0:02:48]} Bc7+ {[%clk 0:30:10]} 62. Kd7 {[%clk 0:02:45]} Bb6 {[%clk 0:29:07]}
63. e7 {[%clk 0:02:41]} Bc7 {[%clk 0:28:02]} 64. e8=Q+ {[%clk 0:02:38]} Ka7
{[%clk 0:27:39]} 65. Kxc7 {[%clk 0:02:30]} Ka6 {[%clk 0:27:09]} 66. Qe2+ {[%clk
0:02:24]} Ka5 {[%clk 0:27:02]} 67. Qb2 {[%clk 0:02:16]} Ka4 {[%clk 0:26:55]}
68. Kd6 {[%clk 0:02:11]} Ka5 69. Kc5 {[%clk 0:02:08]} Ka6 {[%clk 0:26:30]} 70.
Qb6# 1-0